=LDR 00000nam 2200000 4500 =001 INLIS000000000019024 =005 20130612114131 =008 ***********************************Ind** =035 ##$$0010-061300000019024 =041 ##$$a Ind =082 ##$$a 028.5 =090 ##$$a 028.5, Bru t =100 ##$$a Brunelli, Roberto =245 ##$$a 366 kisah alkitab, Paulus disiksa, Roberto Brunelli ; penerjemah, Esther S. Mandjani =260 ##$$a 1996 $b Bogor =300 ##$$a ...jil, ilus, 19 cm =650 ##$$a Bacaan anak-anak =850 ##$$a NBPNMAT